| 000 | 00936 a2200217 4500 | ||
|---|---|---|---|
| 999 |
_c3407 _d3407 |
||
| 020 | _a9781452259499 (pbk. : alk. paper) | ||
| 020 | _a9781452259499 | ||
| 050 | 0 | 0 | _aQ180.55.FIN 2014 |
| 100 | 1 |
_aFink, Arlene, _eauthor. |
|
| 245 | 1 | 0 |
_aConducting research literature reviews : _bfrom the internet to paper / _cArlene Fink, University of California at Los Angeles, The Langley Research Institute. |
| 250 | _aFourth edition. | ||
| 264 | 1 |
_aThousand Oaks, California : _bSAGE, _c[2014] |
|
| 300 |
_axv, 257 pages : _billustrations ; |
||
| 500 | _aIncludes bibliographical references and index. | ||
| 504 | _aIncludes bibliographical references and index. | ||
| 650 | 0 |
_aResearch _xMethodology. |
|
| 650 | 0 |
_aResearch _xEvaluation. |
|
| 650 | 0 |
_aBibliography _xMethodology. |
|
| 942 |
_2lcc _cBK _e4th _h180.55 _iFIN _kQ |
||